12 mitos sobre el divorcio / (Registro nro. 1367)
[ vista simple ]
| 000 -LEADER | |
|---|---|
| fixed length control field | 00687nam a2200217 a 4500 |
| 005 - DATE AND TIME OF LATEST TRANSACTION | |
| control field | 20250329164820.0 |
| 007 - PHYSICAL DESCRIPTION FIXED FIELD--GENERAL INFORMATION | |
| fixed length control field | ta |
| 008 - FIXED-LENGTH DATA ELEMENTS--GENERAL INFORMATION | |
| fixed length control field | 960906e199600 ck gr 000 0 spa |
| 015 ## - NATIONAL BIBLIOGRAPHY NUMBER | |
| National bibliography number | ck-1996-xxxx |
| 020 ## - INTERNATIONAL STANDARD BOOK NUMBER | |
| International Standard Book Number | 9580432430 |
| 040 ## - CATALOGING SOURCE | |
| Original cataloging agency | CO-CtgCURN |
| Language of cataloging | spa |
| Transcribing agency | coctgcurn |
| 082 04 - DEWEY DECIMAL CLASSIFICATION NUMBER | |
| Classification number | 306.89 |
| Item number | M539 |
| Edition information | 19 |
| 100 1# - MAIN ENTRY--PERSONAL NAME | |
| Personal name | Mendoza, María Clara. |
| 245 10 - TITLE STATEMENT | |
| Title | 12 mitos sobre el divorcio / |
| Statement of responsibility, etc. | María Clara Mendoza, Helí Abel Torrado. |
| 260 ## - PUBLICATION, DISTRIBUTION, ETC. | |
| Place of publication, distribution, etc. | Santafé de Bogotá : |
| Name of publisher, distributor, etc. | Norma, |
| Date of publication, distribution, etc. | c1996. |
| 300 ## - PHYSICAL DESCRIPTION | |
| Extent | 150 p. ; |
| Dimensions | 22 cm. |
| 650 14 - SUBJECT ADDED ENTRY--TOPICAL TERM | |
| Topical term or geographic name entry element | Divorcio. |
| 700 1# - ADDED ENTRY--PERSONAL NAME | |
| Personal name | Torrado, Helí Abel, |
| Dates associated with a name | 1947- |
| 942 ## - ADDED ENTRY ELEMENTS (KOHA) | |
| Source of classification or shelving scheme | Dewey Decimal Classification |
| Koha item type | Libros |
| Classification part | 306.89 |
| Item part | M539 |
| Withdrawn status | Lost status | Source of classification or shelving scheme | Damaged status | Not for loan | Collection | Home library | Current library | Shelving location | Date acquired | Source of acquisition | Cost, normal purchase price | Inventory number | Total checkouts | Full call number | Barcode | Date last seen | Copy number | Price effective from | Koha item type | Public note |
|---|---|---|---|---|---|---|---|---|---|---|---|---|---|---|---|---|---|---|---|---|
| Dewey Decimal Classification | General | Miguel Henríquez Castañeda | Miguel Henríquez Castañeda | General | 10/09/2018 | Biblioteca personal del Fundador | 45000.00 | 022480 | 306.89_M539 | 022480 | 10/09/2018 | ej.1 | 03/29/2025 | Libros | 300-CIENSO |